000 00296nam a22001337a 4500
008 170425b xxu||||| |||| 00| 0 eng d
020 _a9780781721455
041 _aeng
080 _a577
100 _a12
101 _aSHM
245 _aBASIC MEDICAL BIOCHEMISTRY
_cSMITH.C
942 _2udc
_cBK
999 _c11876
_d11876